000 00629nam a22001817a 4500
003 UA-OsUOA
001 17087
007 ta
008 20040209b un ||||| |||| 00| 0 ukr d
100 _aТубіна С.
942 _cSA
040 _aUA-OsUOA
_cUA-OsUOA
_dUA-OsUOA
245 _aОбитель віри і любові: [Століттями слугує єднанню з Господом Межиріцький Свято-Троїцький храм]
300 _aС.3
955 _a0
773 0 _w0
_tВісті Рівненщини
_dРівне
_d2004
_g№11/4 лют./
650 7 _aКраєзнавча робота
_2UDC
999 _c303255
_d303255